Milestones of history.1.Ancient empires (Record no. 35997)

MARC details
000 -LEADER
fixed length control field 00308nam a2200121Ia 4500
082 ## - DEWEY DECIMAL CLASSIFICATION NUMBER
Classification number 93/99
Item number BRA
245 #0 - TITLE STATEMENT
Title Milestones of history.1.Ancient empires
260 ## - PUBLICATION, DISTRIBUTION, ETC. (IMPRINT)
Place of publication New York
Name of publisher Newsweek
Year of publication 1970
505 ## - FORMATTED CONTENTS NOTE
Formatted contents note Set price
700 ## - ADDED ENTRY--PERSONAL NAME
Personal name Brandon, S G G
942 ## - ADDED ENTRY ELEMENTS (KOHA)
Koha item type Books
Holdings
Withdrawn status Lost status Damaged status Not for loan Home library Current library Date acquired Cost, normal purchase price Full call number Accession Number Koha item type
        RRII Library RRII Library 16/12/2021 800.00 93/99 BRA 16414 Books